| 000 | 00782nam a22002297a 4500 | ||
|---|---|---|---|
| 005 | 20100817123549.0 | ||
| 010 | _aENG-100669 | ||
| 020 |
_a9788175053236 _c40.00 |
||
| 020 |
_a8175053232 _c40.00 |
||
| 035 | _aEN-84202 | ||
| 037 | _bDBAD/PUB | ||
| 082 | _a158.1 | ||
| 100 |
_aAmartyananda _914350 |
||
| 245 |
_aEffective life management / _cby Swami Amartyananda |
||
| 260 |
_aKolkata _bAdvaita Ashrama _c2009 |
||
| 270 |
_a5 Dehi Entally Road _bKolkata _e700014 |
||
| 300 |
_a188p. _c18cm (pbk) |
||
| 650 |
_aPersonality Development _914351 |
||
| 650 |
_aPersonnal Improvement _914352 |
||
| 942 |
_2ddc _cEN _h158.1 _mAMA |
||
| 999 |
_c42285 _d42285 |
||